Koncertní kus pro dva akordeony

Bibliographic Details
Main Author: Matys, Jiří, 1927- (Author)
Format: Book
Language:Undetermined
PhysicalDescription:18 s.
Published: Praha Supraphon 1974

MARC

LEADER 00000nam a2200000 a 4500
001 vtls001356820
003 SK-MaSNL
005 20260301114949.0
008 240314s1974 xx 0 und
035 |a SNK000310309 
040 |a SNK  |b slo  |c SNK  |e AACR2 
100 1 |a Matys, Jiří,  |d 1927-  |4 aut  |9 64796 
245 1 0 |a Koncertní kus pro dva akordeony 
260 |a Praha  |b Supraphon  |c 1974 
300 |a 18 s. 
958 |a OND 
999 |c 720424  |d 722354 
952 |t P60, <04>, [BOOK], {604}  |a SNK  |b SNK  |y VYP  |7 0  |p 17A0184354  |o snkHIB 8662 D1  |0 0  |1 0  |4 0  |d 1999-03-04  |l 0  |r 2005-01-02 00:00:00  |w 2026-02-23